The golden calves /

Bibliographic Details
Main Author: Auchincloss, Louis
Format: Book
Language:English
Published: Boston : Houghton Mifflin, 1988.

MARC

Tag First Indicator Second Indicator Subfields
LEADER 00000cam a2200000 a 4500
001 in00000026082
005 20151007055811.0
008 871109s1988 mau 00011 eng
010 |a  87032178  
020 |a 0395476917 
035 |a (OCoLC)17200982 
035 |9 AAB9296AM 
040 |a DLC  |c DLC  |d TXA  |d UtOrBLW 
049 |a TXAM  |c [A11111942] 
050 0 0 |a PS3501.U25  |b G6 1988 
082 0 |a 813/.54  |2 19 
100 1 |a Auchincloss, Louis. 
245 1 4 |a The golden calves /  |c Louis Auchincloss. 
264 1 |a Boston :  |b Houghton Mifflin,  |c 1988. 
300 |a 213 pages ;  |c 22 cm. 
336 |a text  |b txt  |2 rdacontent 
337 |a unmediated  |b n  |2 rdamedia 
338 |a volume  |b nc  |2 rdacarrier 
999 |a MARS 
999 f f |s 31e3f241-5c01-3ed5-bc9c-9a83ab09de76  |i 18512149-467e-378c-b6f0-79bce7242e13  |t 0 
952 f f |p ric  |a Texas A&M University  |b Rellis Campus  |c Joint Library Facility  |d Remote Storage  |t 0  |e PS3501.U25 G6 1988  |h Library of Congress classification  |i unmediated -- volume  |m A14811111942 
998 f f |a PS3501.U25 G6 1988  |t 0  |l Remote Storage